Art and emotion /
Saved in:
| Main Author: | |
|---|---|
| Format: | Book |
| Language: | English |
| Published: |
Oxford : New York :
Clarendon Press ; Oxford University Press,
1998.
|
| Subjects: | |
| Tags: |
Add Tag
No Tags, Be the first to tag this record!
|
| LEADER | 01183nam a2200289 a 4500 | ||
|---|---|---|---|
| 001 | 007722657-7 | ||
| 005 | 20020606104010.5 | ||
| 008 | 980427s1998 enk b 001 0 eng c | ||
| 010 | |a 98197730 | ||
| 020 | |a 0198236387 | ||
| 035 | 0 | |a ocm39045994 | |
| 040 | |a Uk |c Uk |d NcCU |d MdU |d IU |d DLC | ||
| 042 | |a pcc | ||
| 050 | 0 | 0 | |a B105.E46 |b M37 1998 |
| 082 | 0 | 0 | |a 111/.85 |2 21 |
| 100 | 1 | |a Matravers, Derek. | |
| 245 | 1 | 0 | |a Art and emotion / |c Derek Matravers. |
| 260 | |a Oxford : |b Clarendon Press ; |a New York : |b Oxford University Press, |c 1998. | ||
| 300 | |a viii, 236 p. ; |c 23 cm. | ||
| 504 | |a Includes bibliographical references (p. [227]-232) and index. | ||
| 505 | 0 | |a The emotions -- Fearing fictions -- Engaging fictions -- Causal stories -- Expression as metaphor -- The cognitive theory -- Defending the arousal theory -- The musical experience -- Belief and experience -- Creation and criticism. | |
| 650 | 0 | |a Emotions in art. | |
| 650 | 0 | |a Emotions (Philosophy) | |
| 650 | 0 | |a Aesthetics. | |
| 776 | 0 | 8 | |i Online version: |a Matravers, Derek. |t Art and emotion. |d Oxford : Clarendon Press ; New York : Oxford University Press, 1998 |w (OCoLC)606936914 |
| 988 | |a 20020608 | ||
| 906 | |0 OCLC | ||


